| 000 | 00372nam a2200145Ia 4500 | ||
|---|---|---|---|
| 008 | 230312s9999||||xx |||||||||||||| ||und|| | ||
| 020 | _a978-93-528-6308 | ||
| 082 |
_a005.133 _bMOC-P |
||
| 100 | _aFausett,Laurence | ||
| 245 | 0 | _aApplied Numerical Analysis Using MatLab | |
| 260 |
_bPearson _aIndia _c2018 |
||
| 300 | _a1088 | ||
| 650 |
_aComputer _vComputer |
||
| 942 | _cBK | ||
| 999 |
_c15713 _d15713 |
||